Rodzime Polskie ryby słodkowodne (część 2) - Statystyki

Ogólne statystyki
  • Ten quiz został rozwiązany 116 razy
  • Średni wynik to 6 z 10
Statystyki odpowiedzi
Obrazkowy Odpowiedź % Poprawnych
Płoć
95%
Wzdręga
91%
Ukleja
81%
Piskorz
67%
Ciernik
60%
Kiełb
48%
Koza
35%
Jelec
33%
Słonecznica
28%
Strzebla
21%
Nie znaleziono quizów pasujących do podanych kryteriów
Rozkład punktacji
Procent ludzi z każdym wynikiem
Percentyl według liczby udzielonych odpowiedzi
Twoja historia wyników
Nie rozwiązałeś tego quizu